00596nam a2200181Ia 4500003000400000005001700004008004100021020001800062040000600080041001200086082002500098100004900123245016800172250001300340260003100353300002100384440000900405OSt20240910151358.0240126s9999 xx 000 0 und d a9789381308745 c0 aEnglish a346.0436 GOU.1;1 R aGour, H S. Pasayat, Arijit. Lakshmanan, A R. 0aCommentary on the transfer of property Act, 1882 (act no.4 of 1882) also containing the real estate (regulation and development) act, 2016 Vol.1 (sections 1 to 60) a14th ed. bDelhi Law HouseaNew Delhi acclxvi, 1320+I49 aNULL